000 00581nam a2200169Ia 4500
003 Ost
005 20260507075659.0
008 260507s9999||||xx |||||||||||||| ||und||
020 _a5019328977
040 _cfsecg
041 _aara
100 _aبدري، محمد عباس
_eمؤلف
245 0 _aالمحاسبة عن التأثيرات البيئية و المسؤولية الاجتماعية للمشروع /
_c محمد عباس بدري
260 _aالاسكندرية:
_bدار الجامعة الجديدة,
_c2000
300 _a314 صفحة؛
942 _cكتاب
999 _c45776
_d45776